| 000 | 00824nam a2200205 4500 | ||
|---|---|---|---|
| 008 | 040702s1991 ch 0 chiYA | ||
| 020 | _a9623800444 | ||
| 090 |
_aBF724.6 _bC61g |
||
| 100 | 1 | _a克萊貝爾Clinebell, Howard J. | |
| 245 | 1 | 0 |
_a中年夫婦成長輔導 Growth counseling for mid-years couples {ch} / _cHoward J. Clinebell. |
| 260 |
_aTaiwan : _b道聲出版社 Taosheng Publishing, _cc1991. |
||
| 300 | _a88 p. | ||
| 490 | 1 | _aCreative pastoral care and counseling series | |
| 504 | _aIncludes bibliographical references | ||
| 650 | 4 |
_aMarriage _xReligious aspects _xChristianity{ch}. |
|
| 650 | 4 |
_a中年婚姻辅导 Middle age _xPsychological aspects{ch}. |
|
| 650 | 4 | _a婚姻辅导 Marriage counseling{ch}. | |
| 950 | 0 | _38.00 | |
| 951 |
_pC-3527 _x00010689 _oBF724.6/C61g _j070613111010968 _d2000-12-21 _cCH |
||
| 999 |
_c4505 _d4505 |
||